00403nam a2200157Ia 45000010006000000050017000060080041000230410008000640820024000721000039000962450057001352600009001923000028002016500008002296540008002372456820260414151052.0260414t2014||||xx |||||||||||||| ||spa|| aESP a345.721bB141 V. 15 aEstudio Mario Castillo FreyreeAUT 0aArbitraje :bla anulación del laudo. Segunda parte c2014 a308 páginas :c24 cm. aDER aCDE